000 00329nam a2200121Ia 4500
008 190802s9999 xx 000 0 und d
020 _a978-81-312-5287-1
100 _aSucheta P Dandekar
245 0 _aMedical Biochemistry Preparatory Manual for Undergraduates
260 _aIndia
_bIndia
_c2018
300 _a543:p
942 _cBK
999 _c2222
_d2222